| 000 | 00823nam a22002657a 4500 | ||
|---|---|---|---|
| 003 | CHAP | ||
| 005 | 20220329143823.0 | ||
| 008 | 111005s1964 is r 00010 spa d | ||
| 010 | _a102328 | ||
| 011 | _a103300 | ||
| 035 | _a113989 | ||
| 040 | _cCHAP | ||
| 090 | _aFolleto 18074 | ||
| 100 | 0 | 0 |
_aWeitz, Raanán. _9121406 |
| 245 | 1 | 3 |
_aEl concepto de desarrollo rural integral _c/por Raanán Weitz |
| 260 |
_aHerzelía, Israel : _bEstado de Israel : _bOEA, _c1964 |
||
| 300 | _a31 p. | ||
| 590 |
_aBATCH-UPD _b10 _c20130110 _lUCH01 _h1948 |
||
| 590 |
_aBATCH-UPD _b10 _c20130914 _lUCH01 _h1148 |
||
| 590 |
_aCONVERSION _b10 _c20130109 _lUCH01 _h1356 |
||
| 650 | 1 | 4 |
_aDesarrollo de la comunidad rural. _931995 |
| 901 | _aBK | ||
| 942 | _cFOLL | ||
| 949 |
_aFolleto 18074 _bBC _cFOLL _d33724002304181 _eTS1 _gDonaciØn _i113989 _sb |
||
| 999 |
_c102328 _d102328 |
||